000 00176 a2200097 4500
020 _a9781595663993
041 _aspa
100 _aHewitt, Sally
245 _aHuelelo
942 _cBK
999 _c3449
_d3449